000 00336nam a22001337a 4500
003 SGT
082 _a340,0954,MIT
100 _aMITTAL,J.K.
245 _aINDIAN LEGAL CONSTITUTIONAL HISTORY
260 _aFARIDABAD
_bALLAHABAD LAW AGENCY
_c2009
300 _a392
650 _aINDIAN LEGAL CONSTITUTIONAL HISTORY
942 _2ddc
_cBK
_01
999 _c11444
_d11444